000 00435nam a2200181Ia 4500
001 13033
005 20260306163024.0
008 260306t2002||||xx |||||||||||||| ||spa||
041 _aESP
082 _aRD 658.003
_bP46
100 _aPérez Rosales, Manuel
_eAUT
245 0 _aDiccionario de administración
260 _c2002
300 _a342 páginas :
_c20 cm.
650 _aGEN
654 _aCAN
942 _cDIC
_dJUS
_fJUS
_2ddc
_n
999 _c13033
_d13033